Online Catalogue and eLibrary

Daruwa saha mihikatha (Record no. 5088)

MARC details
000 -LEADER
fixed length control field 00401nam a2200157Ia 4500
005 - DATE AND TIME OF LATEST TRANSACTION
control field 20250627022253.0
008 - FIXED-LENGTH DATA ELEMENTS--GENERAL INFORMATION
fixed length control field 240331s9999 xx 000 0 und d
020 ## - INTERNATIONAL STANDARD BOOK NUMBER
ISBN 9559501925
082 ## - DDC Classification
Item Number - Author Mark EDI
Class No. 370
100 ## - MAIN ENTRY--PERSONAL NAME
Personal name Edirisinghe,P
245 #0 - TITLE STATEMENT
Title Daruwa saha mihikatha
260 ## - PUBLICATION, DISTRIBUTION, ETC.
Date of publication, distribution, etc. 1992
300 ## - PHYSICAL DESCRIPTION
Extent (e.g. Volumes, Pages etc.) 216 p .,
500 ## - GENERAL NOTE
General note A story revolving around the modern education system in Sri Lanka
942 ## - Koha item type (Biblio)
Koha item type Books in Stacks (Lending)
Holdings
Lost status Damaged status Collection code Home library Current library Shelving location Date acquired Full call number Accession Number Item type
    Lending WERC Library WERC Library Social Science Cupboard 03/31/2024 370 EDI 4339 Books in Stacks (Lending)

© WERC Library